| 000 | 00480cam a2200181 a 4500 | ||
|---|---|---|---|
| 020 | _a0801830141 | ||
| 020 | _a080183015X (pbk.) | ||
| 040 | _cDLC | ||
| 082 | 0 | 0 | _a338 JOH 1984 A068 Or. |
| 245 | 0 | 0 | _aAgricultural development in the Third World / |
| 260 |
_aBaltimore : _bJohns Hopkins University Press, _cc1984. |
||
| 300 |
_ax, 491 p. ; _c24 cm. |
||
| 650 | 0 | _aAgriculture | |
| 650 | 0 | _aAgriculture | |
| 700 | 1 | _aEicher, Carl K. | |
| 700 | 1 | _aStaatz, John M. | |
| 942 | _cEK | ||
| 999 |
_c14976 _d14976 |
||